Fraggle Rock Characters Quiz Stats

 Plays Quiz not verified by Sporcle

Challenge
Share
Tweet
Score 0/17 Timer 05:00
0 Plays Today
% Correct
Gobo
98%
Red
81.2%
Wembley
78.5%
Boober
78.5%
Mokey
77.9%
Uncle Traveling Matt
75.8%
Sprocket
75.2%
Cotterpin Doozer
71.8%
Doc
70.5%
% Correct
Marjorie the Trash Heap
70.5%
Junior Gorg
66.4%
Pa Gorg
66.4%
Ma Gorg
66.4%
Philo and Gunge
57.7%
Storyteller Fraggle
53.7%
Cantus
52.3%
The World's Oldest Fraggle
51.7%

You're not logged in!

Compare scores with friends on all Sporcle quizzes.
Join for Free
OR
Log In

You Might Also Like...

Show Comments

Extras

Top Quizzes Today


Score Distribution

Your Account Isn't Verified!

In order to create a playlist on Sporcle, you need to verify the email address you used during registration. Go to your Sporcle Settings to finish the process.

Report this User

Report this user for behavior that violates our Community Guidelines.

Details: